Io sono così /

In poche righe raccolte in un libro a soffietto, un personaggio si descrive come in una filastrocca - attraverso quello che ama fare. Fare alla lotta, cucinare, arrampicarsi, giocare a carte e mille altre cose. È un maschio o è una femmina? ci chiediamo scorrendo le pagine, ma il sesso del protagoni...

Celý popis

Uloženo v:
Podrobná bibliografie
Hlavní autor: Degl'Innocenti, Fulvia
Další autoři: Ferrara, Antonio, (1957- ) (Ilustrátor), Monaldi, Tommaso
Médium: Kniha
Jazyk:italština
Vydáno: Cagli : Settenove, 2014
Tagy: Přidat tag
Žádné tagy, Buďte první, kdo vytvoří štítek k tomuto záznamu!

MARC

LEADER 00000nam a22000007i 4500
001 IT\ICCU\URB\0905757
003 ItRI
005 20260119141500.0
008 141115s2014 it |||||| ||||| |||||c
020 |a 9788898947010 
040 |b ita  |c CDM 
041 7 |a ita  |2 ISO-639-2 
082 |a 853.914  |2 23 
100 1 |a Degl'Innocenti, Fulvia  |0 IT\ICCU\RAVV\105040 
240 1 0 |a Io sono così  |9 Degl'Innocenti, Fulvia 
245 1 0 |a Io sono così /  |c Fulvia Degl'Innocenti ; [illustrazioni di] Antonio Ferrara ; [progetto grafico di Tommaso Monaldi]. 
260 |a Cagli :  |b Settenove,  |c 2014 
300 |a 1 pieghevole :  |b cartone, in gran parte ill. ;  |c 20 cm 
500 |a Premio Andersen 2015, Miglior libro fatto ad arte 
500 |a Testo in carattere stampatello minuscolo. 
520 |a In poche righe raccolte in un libro a soffietto, un personaggio si descrive come in una filastrocca - attraverso quello che ama fare. Fare alla lotta, cucinare, arrampicarsi, giocare a carte e mille altre cose. È un maschio o è una femmina? ci chiediamo scorrendo le pagine, ma il sesso del protagonista si rivela solo alla fine del breve racconto, capovolgendo il soffietto, in un'immagine poster che ne mostra il volto e il desiderio di vivere un'infanzia fuori dagli schemi... Età di lettura: da 4 anni. 
700 1 |a Ferrara, Antonio,  |d  (1957- )  |0 IT\ICCU\RAVV\383651  |4 ill 
700 1 |a Monaldi, Tommaso  |0 IT\ICCU\UBOV\420562 
942 |2 ddc  |c BK 
952 |0 0  |1 0  |2 ddc  |4 0  |6 853_914000000000000_DEG_SON  |7 1  |9 1990  |a RA  |b RA  |d 2024-09-18  |l 0  |o 853.914 DEG SON  |p 9588  |r 2024-09-18 10:35:11  |w 2024-09-18  |y BK  |z Sezione ragazz3 
952 |0 0  |1 0  |4 0  |6 R_853_914000000000000_DEG  |7 0  |9 21721  |a BO  |b BO  |d 2026-01-15  |i 18285  |l 0  |o R 853.914 DEG  |p BO18285  |r 2026-01-15 23:22:07  |w 2026-01-15  |x [Sebina 5] [1 v.]  |y BK  |z 1 v. 
981 1 |6 z01  |a i   |b xxxe  
982 1 |6 z01  |a n 
999 |c 1768  |d 1768